| 000 | 00444cam a22001217a 4500 | ||
|---|---|---|---|
| 008 | 180718b2006 xxu||||| |||| 00| 0 eng d | ||
| 100 | _aWalque, Damine de | ||
| 245 |
_aDiscrodant coupels: HIV infection among couples in Burkina Faso, Cameroon, Ghana, Kenya and Tanzania _cby Damien de Walque |
||
| 260 |
_aWashington, D.C. _bWorld Bank _c2006 |
||
| 300 | _a28p. | ||
| 440 | _aPolicy research working paper; no. 3956 | ||
| 650 | _aDiscrodant coupels | ||
| 999 |
_c293709 _d293709 |
||